Tower of God - Saison 1 - Statistiques

Statistiques générales
  • Ce quiz a été pris 28 fois
  • Le résultat moyen est 12 sur 17
Statistiques - réponses
Questions Réponses % Correct
Au test de survie du deuxième étage, comment se nomme le "crocodile" qui chasse Bam ? Rak Wraithraiser
100%
Comment ce dernier appelle-t-il ses proies ? Tortues
96%
Quelle équipe réussit le test de position ? (A ou B) B
91%
Lors du jeu bonus de la couronne, pourquoi Anak quitte le trône, faisant perdre son équipe ? Pour le Mars Noir
87%
A la fin du test de l'administrateur, qui sort seul de la bulle de Shinsu ? Rachel
87%
Qui sont les deux seules personnes à pouvoir rivaliser contre cette créature ? (nommez-en une) Anak / Endorsi
83%
Quel est le nom de l'examinateur en chef du deuxième étage ? Hansung Yu
83%
Qui est la princesse qui s'introduit avec son équipe dans le test de l'administrateur ? Ha Yuri Zahard
78%
Quel est le nom de la princesse régulière, "tante" d'Anak ? Endorsi
65%
Durant le test de l'administrateur, quelle créature se trouve au sommet de la chaîne alimentaire ? Le taureau
65%
Après le test de position, pour quelle raison Bam obtient-il le droit de passer le test de l'administrateur ? C'est un irrégulier
61%
Quelle est la position assignée à Bam ? Manieur de vagues
61%
Lors de ce même jeu, pourquoi Bam saute-t-il du trône, faisant perdre son équipe ? Pour protéger Rachel
61%
Hormis Rachel, qui est la première personne que Bam rencontre ? Headon
57%
En réalité, par qui cette dernière est-elle contrôlée ? Lo Po Bia Ren
57%
Pour quelle raison Rachel a-telle trahi Bam ? Pour devenir la protagoniste
13%
Arrêtée dans son combat, que fait-elle finalement ? Elle récupère le Mars Noir et l'Avril Vert
9%
Aucun quiz correspondant
Distribution des résultats
% des personnes avec chaque résultat
Percentile par nombre de réponses
Votre historique - résultats
Vous n’avez pas pris ce quiz